Apertura de curso de la Escuela de Géneros de Punto
Colección:
San Jorge,
; núm. 9 (gener 1953), pàg 78
Idioma:
Español
MARC
| LEADER | 00000naa a2200000 a 4500 | ||
|---|---|---|---|
| 003 | Arxiu | ||
| 005 | 20260324181027.0 | ||
| 008 | 160829s1953 spc xx s spa c | ||
| 040 | |a agdb | ||
| 245 | 0 | 0 | |a Apertura de curso de la Escuela de Géneros de Punto |
| 490 | |a San Jorge, |v núm. 9 (gener 1953), pàg 78 | ||
| 590 | |a El nom de l'escola és: Escola Universitària de Enginyeria Tècnica en Teixits de Punt | ||
| 610 | 2 | 0 | |a Escola de Teixits de Punt de Canet de Mar |9 53500 |
| 773 | |g Núm. 9 (gener 1953), pàg 78 |t San Jorge. | ||
| 901 | |a Arxiu | ||
| 942 | |n 1 |2 udc |c ART | ||
| 952 | |0 0 |1 0 |4 0 |6 REV508 |7 1 |9 64337 |a Arxiu |b Arxiu |d 2022-11-23 |o Rev-508 |r 2022-11-23 00:00:00 |w 2022-11-23 |y ARXIU |z També disponible a Rev-522 | ||
| 999 | |c 44217 |d 44217 | ||